00546nam a2200181 a 4500008004100000020002500041245005700066250001200123260004600135300003500181440003100216650002700247650004200274700002100316003000100337005001700338040000900355  a9780199567669 (pbk.)02aA dictionary of ecology /cedited by Michael Allaby. a4th ed. aOxford :bOxford University Press,c2010. aviii, 418 p. :bill. ;c20 cm. aOxford paperback reference 0aEcologyxDictionaries. 0aEnvironmental sciencesxDictionaries.1 aAllaby, Michael.20230123122142.0 cNUST